[Event "Thüringenliga 2014/2015"]
[Site "?"]
[Date "2015.03.22"]
[Round "8"]
[White "Steinmüller, Johannes"]
[Black "Jakob, Matthias"]
[Result "0-1"]
[WhiteElo "1715"]
[BlackElo "1931"]
[PlyCount "66"]
[EventDate "2015.??.??"]
[WhiteTeam "ESV Gera"]
[BlackTeam "SV Medizin Erfurt"]

1. e4 Nc6 2. d4 d5 3. e5 Bf5 4. a3 e6 5. Nf3 Nge7 6. Bd3 Bxd3 7. Qxd3 Nf5 8.
Bg5 Be7 9. Bxe7 Qxe7 10. Nbd2 O-O 11. O-O Nb8 12. b4 Nd7 13. c4 dxc4 14. Nxc4
Rfd8 15. Qe4 c6 16. Rfd1 Nb6 17. Ne3 Nxe3 18. Qxe3 Nd5 19. Qg5 a5 20. Qxe7 Nxe7
21. Rab1 Nd5 22. Rdc1 axb4 23. axb4 Nc7 24. Ra1 Nb5 25. Kf1 Kf8 26. Rxa8 Rxa8
27. Ke2 Ra2+ 28. Ke3 Nc7 29. Nd2 Nd5+ 30. Ke2 Nf4+ 31. Kd1 Nd3 32. Rb1 Nxf2+
33. Ke2 Ne4 0-1

[Event "Thüringenliga 2014/2015"]
[Site "?"]
[Date "2015.03.22"]
[Round "8"]
[White "Seele, Hartmut"]
[Black "Kupper, Matthias"]
[Result "0-1"]
[WhiteElo "1795"]
[BlackElo "1738"]
[PlyCount "58"]
[EventDate "2015.??.??"]
[WhiteTeam "SV Medizin Erfurt"]
[BlackTeam "ESV Gera"]

1. e4 c5 2. d4 cxd4 3. c3 dxc3 4. Nxc3 Nc6 5. Nf3 d6 6. Bc4 e5 7. Qb3 Qd7 8.
O-O Na5 9. Qb4 Nxc4 10. Qxc4 Qc6 11. Qd3 Be6 12. Nd5 Bxd5 13. exd5 Qd7 14. Bd2
Be7 15. Ng5 h6 16. Ne4 f5 17. Ng3 g6 18. Rac1 Kf7 19. f4 e4 20. Qb3 Nf6 21. Ne2
Rhc8 22. Nd4 Rxc1 23. Rxc1 Rc8 24. Rxc8 Qxc8 25. Bc3 Qc5 26. Qxb7 Nxd5 27. Qd7
Nxc3 28. Qe6+ Kf8 29. bxc3 Qxc3 0-1

[Event "Thüringenliga 2014/2015"]
[Site "?"]
[Date "2015.03.22"]
[Round "8"]
[White "Heinzel, Olaf"]
[Black "Neidig, Stefan"]
[Result "1-0"]
[WhiteElo "2342"]
[BlackElo "2154"]
[PlyCount "87"]
[EventDate "2015.??.??"]
[WhiteTeam "Erfurter Schachklub"]
[BlackTeam "TSG Apolda"]

1. d4 d5 2. Bf4 c6 3. e3 Bf5 4. Nd2 e6 5. Ngf3 Nd7 6. c4 dxc4 7. Bxc4 h6 8. O-O
Ngf6 9. h3 Be7 10. Qe2 Ne4 11. Rfd1 Ndf6 12. Ne5 Nxd2 13. Rxd2 Ne4 14. Rdd1 Nd6
15. Bb3 O-O 16. f3 Bg5 17. Bh2 Bh7 18. g4 Kh8 19. Kh1 a5 20. a4 Ra6 21. Rac1
Qe7 22. Rc3 Rb6 23. Bg3 Rb4 24. Qh2 Rd8 25. h4 Bf6 26. Nd3 Bxd3 27. Rcxd3 Kg8
28. Be1 Ne8 29. f4 Qd7 30. Bxb4 axb4 31. g5 Be7 32. Qe2 hxg5 33. hxg5 g6 34.
Qg4 Ng7 35. Kg2 c5 36. d5 Nf5 37. e4 exd5 38. exf5 d4 39. Rh3 Qxf5 40. Qxf5
gxf5 41. Rdh1 Rf8 42. Rh8+ Kg7 43. R8h7+ Kg8 44. g6 1-0

[Event "Thüringenliga 2014/2015"]
[Site "?"]
[Date "2015.03.22"]
[Round "8"]
[White "Middelhoff, Cornelius"]
[Black "Steinacker, Alex"]
[Result "0-1"]
[WhiteElo "2068"]
[BlackElo "2145"]
[PlyCount "64"]
[EventDate "2015.??.??"]
[WhiteTeam "TSG Apolda"]
[BlackTeam "Erfurter Schachklub"]

1. d4 Nf6 2. c4 c5 3. d5 e6 4. Nc3 exd5 5. cxd5 d6 6. e4 g6 7. Nf3 Bg7 8. Be2
O-O 9. O-O Bg4 10. Nd2 Bxe2 11. Qxe2 Nbd7 12. f4 Re8 13. Qf3 a6 14. a4 Rc8 15.
Nc4 Nb6 16. Nxd6 Qxd6 17. e5 Qd7 18. exf6 Bxf6 19. Rd1 Bd4+ 20. Kf1 Rcd8 21. d6
Qxd6 22. Qxb7 Qe6 23. Qf3 Qc4+ 24. Ne2 Rd7 25. b3 Qe6 26. Ra2 Nd5 27. Nxd4 cxd4
28. Rc2 Nc3 29. f5 Qe7 30. f6 Qe6 31. Rxc3 dxc3 32. Rxd7 Qe1# 0-1

[Event "Thüringenliga 2014/2015"]
[Site "?"]
[Date "2015.03.22"]
[Round "8"]
[White "Troyke, Christian"]
[Black "Rohmeiß, Roberto"]
[Result "1-0"]
[WhiteElo "2319"]
[BlackElo "2015"]
[PlyCount "73"]
[EventDate "2015.??.??"]
[WhiteTeam "Erfurter Schachklub"]
[BlackTeam "TSG Apolda"]

1. g3 g6 2. Bg2 Bg7 3. d4 Nf6 4. e4 d6 5. Ne2 O-O 6. O-O c6 7. c4 Nbd7 8. Nbc3
e5 9. d5 c5 10. f3 a6 11. a4 b6 12. Be3 Ne8 13. Qd2 f5 14. Kh1 Ndf6 15. Bg5 Nc7
16. exf5 gxf5 17. f4 e4 18. g4 Qe8 19. gxf5 e3 20. Qc2 Ng4 21. Ng3 h6 22. Bh4
Qf7 23. Bf3 Nf2+ 24. Rxf2 exf2 25. Bh5 Qd7 26. Nce4 Ne8 27. Qxf2 Nf6 28. Bg6
Bb7 29. Qg2 Kh8 30. Rg1 Ng8 31. Nh5 Bd4 32. Bf2 Bxf2 33. Qxf2 Qxa4 34. Nxd6 Qd7
35. Ne4 Qe7 36. Qf3 b5 37. Qc3+ 1-0

[Event "Thüringenliga 2014/2015"]
[Site "?"]
[Date "2015.03.22"]
[Round "8"]
[White "Maiwald, Harald"]
[Black "Brüggemann, Joachim"]
[Result "1/2-1/2"]
[WhiteElo "1961"]
[BlackElo "2198"]
[PlyCount "82"]
[EventDate "2015.??.??"]
[WhiteTeam "TSG Apolda"]
[BlackTeam "Erfurter Schachklub"]

1. d4 Nf6 2. Nf3 e6 3. g3 c5 4. Bg2 Nc6 5. O-O d5 6. c4 Be7 7. cxd5 exd5 8. Nc3
O-O 9. Bg5 cxd4 10. Nxd4 Bg4 11. Rc1 Qd7 12. Nxc6 bxc6 13. Na4 Rfe8 14. Qc2
Rac8 15. Bxf6 Bxf6 16. Nc5 Qc7 17. e4 dxe4 18. Nxe4 Be7 19. Nc5 Qe5 20. b4 Bf5
21. Qa4 Bg5 22. f4 Qe3+ 23. Kh1 Bf6 24. Qb3 Qe7 25. Qf3 Bb2 26. Rcd1 g6 27. g4
Be6 28. Rfe1 Qf8 29. Nxe6 fxe6 30. Qb3 Bg7 31. Rxe6 Kh8 32. Qe3 Rxe6 33. Qxe6
c5 34. bxc5 Qxc5 35. f5 gxf5 36. Qxf5 Qxf5 37. gxf5 Be5 38. Be4 Rc4 39. Rd8+
Kg7 40. Rd7+ Kf6 41. Bd5 Rc7 1/2-1/2

[Event "Thüringenliga 2014/2015"]
[Site "?"]
[Date "2015.03.22"]
[Round "8"]
[White "Vökler, Bernd"]
[Black "Goemann, Jens"]
[Result "1/2-1/2"]
[WhiteElo "2246"]
[BlackElo "2082"]
[PlyCount "79"]
[EventDate "2015.??.??"]
[WhiteTeam "Erfurter Schachklub"]
[BlackTeam "TSG Apolda"]

1. e4 e6 2. d4 d5 3. Nc3 Nf6 4. e5 Nfd7 5. f4 c5 6. Nf3 Nc6 7. Be3 a6 8. Qd2
cxd4 9. Nxd4 Bc5 10. O-O-O O-O 11. Qf2 Bxd4 12. Bxd4 b5 13. Bd3 Bb7 14. Kb1 Rc8
15. g4 Nxd4 16. Qxd4 Qc7 17. Rhg1 Qc5 18. Ne2 Rfe8 19. c3 Rc7 20. Rg3 Qxd4 21.
cxd4 Nb8 22. f5 Nc6 23. Rh3 exf5 24. gxf5 Nb4 25. a3 Nxd3 26. Rdxd3 Bc8 27.
Rhf3 g6 28. fxg6 hxg6 29. Rc3 Bf5+ 30. Ka2 Rb7 31. Ng3 Bg4 32. Rf6 a5 33. Rc5
Ra8 34. b3 Kg7 35. Nf1 a4 36. b4 Rh8 37. Rf4 Be2 38. Rc2 Bc4+ 39. Kb2 Rh3 40.
Ng3 1/2-1/2

[Event "Thüringenliga 2014/2015"]
[Site "?"]
[Date "2015.03.22"]
[Round "8"]
[White "Carnot, Luca"]
[Black "Burkhardt, Kai"]
[Result "1-0"]
[WhiteElo "1783"]
[BlackElo "1854"]
[PlyCount "81"]
[EventDate "2015.??.??"]
[WhiteTeam "TSG Apolda"]
[BlackTeam "Erfurter Schachklub"]

1. Nf3 Nf6 2. g3 d5 3. Bg2 Bf5 4. O-O e6 5. d3 Be7 6. Nbd2 h6 7. b3 O-O 8. Bb2
Bh7 9. c4 c6 10. Qc1 Nbd7 11. h3 Rc8 12. Rd1 Qc7 13. Nf1 Rfe8 14. Ne3 c5 15. d4
dxc4 16. Nxc4 b5 17. Nce5 c4 18. bxc4 bxc4 19. Bc3 Nb6 20. Nd2 Nfd5 21. e4 Nxc3
22. Qxc3 f6 23. Ng4 Qd6 24. a3 Red8 25. Nf1 Na4 26. Qc2 Qa6 27. Nfe3 c3 28. Bf1
Qa5 29. Nc4 Qa6 30. Nge3 Qc6 31. f3 Rb8 32. Ra2 Kh8 33. Kg2 Qd7 34. d5 exd5 35.
Nxd5 Bc5 36. Nxc3 Qe6 37. Rxd8+ Rxd8 38. Nxa4 Be7 39. Ne3 Bg8 40. Bc4 Qc6 41.
Bxg8 1-0

[Event "Thüringenliga 2014/2015"]
[Site "?"]
[Date "2015.03.22"]
[Round "8"]
[White "Troyke, Doreen"]
[Black "Schmidt, Matthias"]
[Result "1/2-1/2"]
[WhiteElo "1978"]
[BlackElo "1946"]
[PlyCount "50"]
[EventDate "2015.??.??"]
[WhiteTeam "Erfurter Schachklub"]
[BlackTeam "TSG Apolda"]

1. c4 Nf6 2. g3 g6 3. Bg2 Bg7 4. Nc3 O-O 5. Nf3 d5 6. cxd5 Nxd5 7. O-O Nc6 8.
Nxd5 Qxd5 9. d3 e5 10. Be3 Qa5 11. Qc1 Re8 12. Bh6 Bh8 13. Ng5 Nd4 14. Re1 c6
15. Qc4 Re7 16. Ne4 Be6 17. Qc1 f6 18. Bd2 Qb6 19. e3 Nf5 20. Nc5 Bf7 21. Qc2
Rd8 22. b4 Qc7 23. a4 Ng7 24. Bc3 Ne6 25. Nxe6 Bxe6 1/2-1/2

[Event "Thüringenliga 2014/2015"]
[Site "?"]
[Date "2015.03.22"]
[Round "8"]
[White "Steiger, Jürgen"]
[Black "Seinsoth, Paul"]
[Result "1-0"]
[WhiteElo "1929"]
[BlackElo "1220"]
[PlyCount "67"]
[EventDate "2015.??.??"]
[WhiteTeam "TSG Apolda"]
[BlackTeam "Erfurter Schachklub"]

1. e4 c5 2. Nc3 Nc6 3. g3 Nf6 4. Bg2 d6 5. Nge2 e5 6. O-O Be7 7. Nd5 O-O 8. c3
b5 9. d4 b4 10. dxc5 dxc5 11. Be3 Rb8 12. Nxf6+ Bxf6 13. Bxc5 Re8 14. cxb4 Nxb4
15. Bxa7 Ra8 16. Bc5 Nxa2 17. Qxd8 Rxd8 18. Rfd1 Re8 19. Rd2 Be6 20. Nc1 Rec8
21. Nd3 Bc4 22. Ba3 Rd8 23. Bf1 Bg5 24. Rdd1 Bb3 25. h4 Bxd1 26. Rxd1 Bh6 27.
Ra1 Rdc8 28. Rxa2 Rc2 29. Ra1 Rc4 30. Nxe5 Rxe4 31. Bg2 Rxa3 32. Rxa3 Re1+ 33.
Bf1 f6 34. Ra8# 1-0

[Event "Thüringenliga 2014/2015"]
[Site "?"]
[Date "2015.04.19"]
[Round "9"]
[White "Wegerich, Michael"]
[Black "Hoffmann, Tim"]
[Result "1/2-1/2"]
[WhiteElo "1945"]
[BlackElo "2041"]
[PlyCount "110"]
[EventDate "2015.??.??"]
[WhiteTeam "SV Ammern"]
[BlackTeam "ESV Gera"]

1. e4 c5 2. Nf3 d6 3. d4 cxd4 4. Qxd4 Nc6 5. Bb5 Bd7 6. Bxc6 Bxc6 7. Nc3 Nf6 8.
Bg5 e6 9. O-O-O Be7 10. Rhe1 O-O 11. Qd2 Qa5 12. Kb1 Qa6 13. Nd4 Rfc8 14. Qe2
Qxe2 15. Rxe2 Kf8 16. f3 a6 17. Nxc6 Rxc6 18. Red2 Ke8 19. Ne2 Nxe4 20. fxe4
Bxg5 21. Rxd6 Rxd6 22. Rxd6 Rd8 23. Rxd8+ Kxd8 24. c3 Kd7 25. Kc2 Kd6 26. Kd3
g6 27. Nd4 Bd8 28. g3 g5 29. Nf3 g4 30. e5+ Kc6 31. Nd2 Kd5 32. Nc4 h5 33. Nd6
f5 34. c4+ Kc6 35. b4 b6 36. Nf7 Be7 37. a3 h4 38. gxh4 Bxh4 39. Ke3 Kd7 40. b5
axb5 41. cxb5 Ke7 42. Nd6 Bg5+ 43. Ke2 Kd7 44. Nc4 Kc7 45. Kf1 Be7 46. Kg2 Bc5
47. h3 gxh3+ 48. Kxh3 Kd7 49. a4 Bd4 50. Kg3 Ke7 51. Kf4 Kd7 52. a5 bxa5 53.
Nxa5 Bg1 54. Nc4 Kc7 55. Kg5 Kd7 1/2-1/2

[Event "Thüringenliga 2014/2015"]
[Site "?"]
[Date "2015.04.19"]
[Round "9"]
[White "Puschendorf, Steffen"]
[Black "Schorch, Rüdiger"]
[Result "1-0"]
[WhiteElo "2061"]
[BlackElo "1882"]
[PlyCount "125"]
[EventDate "2015.??.??"]
[WhiteTeam "ESV Gera"]
[BlackTeam "SV Ammern"]

1. d4 d5 2. c4 c6 3. Nf3 Nf6 4. e3 g6 5. Nc3 Bg7 6. Be2 O-O 7. O-O dxc4 8. Bxc4
Bg4 9. h3 Bxf3 10. Qxf3 Nbd7 11. Rd1 e5 12. d5 Qc7 13. dxc6 bxc6 14. e4 Rab8
15. b3 Nb6 16. Bf1 h6 17. Ba3 Rfd8 18. Rac1 Rxd1 19. Qxd1 Rd8 20. Qc2 Qb7 21.
Bc5 Ne8 22. a4 Nd7 23. Be3 Nf8 24. Bc4 Nc7 25. a5 Nfe6 26. Qa2 Nd4 27. Qa4 Na6
28. f3 Bf8 29. Kh2 Kg7 30. Ne2 Nb5 31. Qa1 Kh7 32. Kh1 Qe7 33. Bxb5 cxb5 34.
Nc3 Qb7 35. Nd5 Bg7 36. Qc3 Qd7 37. Qc6 Nb8 38. Qc5 a6 39. b4 Qe6 40. Qc7 Qd7
41. Bb6 Qxc7 42. Rxc7 Rd7 43. Rc8 Rb7 44. Kg1 h5 45. Kf2 g5 46. Ke2 Kg6 47. g4
hxg4 48. hxg4 f6 49. Bc5 Kf7 50. Bd6 Nd7 51. Ra8 Bf8 52. Rxa6 Bxd6 53. Rxd6 Kg7
54. a6 Ra7 55. Nc3 Nb8 56. Rb6 Nxa6 57. Nxb5 Ra8 58. Rb7+ Kg6 59. Nd6 Rd8 60.
Nf5 Nc7 61. Ne7+ Kf7 62. Rxc7 Re8 63. Nd5+ 1-0

[Event "Thüringenliga 2014/2015"]
[Site "?"]
[Date "2015.04.19"]
[Round "9"]
[White "Kampfhenkel, Ulrich"]
[Black "Gläßl, Matthias"]
[Result "0-1"]
[WhiteElo "1934"]
[BlackElo "2021"]
[PlyCount "146"]
[EventDate "2015.??.??"]
[WhiteTeam "SV Ammern"]
[BlackTeam "ESV Gera"]

1. e4 c5 2. Nf3 Nf6 3. Nc3 d5 4. exd5 Nxd5 5. Bb5+ Bd7 6. Qe2 Nf6 7. Ne5 a6 8.
Bc4 e6 9. a4 Nc6 10. Nxc6 Bxc6 11. O-O Be7 12. d3 O-O 13. a5 Qc7 14. Bg5 Rfe8
15. Rfe1 Rad8 16. Bh4 Rd4 17. Bg3 Bd6 18. Bxd6 Qxd6 19. Qe5 Qxe5 20. Rxe5 Nd7
21. Re3 Kf8 22. Ne2 Rd6 23. Nc3 f6 24. f4 e5 25. Rae1 Rb8 26. f5 g6 27. Be6 b5
28. axb6 Rxb6 29. b3 Kg7 30. Ne4 Bxe4 31. Rxe4 Nf8 32. Rc4 Nxe6 33. fxe6 Rdc6
34. Ra1 Kf8 35. Ra5 Rb5 36. Ra1 Ke7 37. Rca4 Rbb6 38. Rh4 h5 39. Rha4 Kxe6 40.
Kf2 f5 41. h4 Kf6 42. g3 Ke6 43. Ke3 Kd5 44. Kf2 Kd6 45. Ke2 Kc7 46. Kf2 Kb7
47. Re1 Re6 48. Rc4 Rbc6 49. Ra1 Re8 50. Ra5 Rec8 51. Rca4 Rb6 52. Rc4 Rb5 53.
Raa4 Kb6 54. Ra1 Rb4 55. Re1 Re8 56. Rxb4+ cxb4 57. d4 e4 58. Ke3 Rd8 59. Rd1
Kc6 60. Ra1 Kb5 61. Rd1 Rd5 62. Kf4 Kc6 63. Ra1 a5 64. Rd1 Rd8 65. Ke3 Kd6 66.
Ra1 Rc8 67. Ra2 Rc3+ 68. Kf2 Kd5 69. Rxa5+ Kxd4 70. Ra6 Rxc2+ 71. Ke1 Ke3 72.
Kd1 Rg2 73. Rxg6 f4 0-1

[Event "Thüringenliga 2014/2015"]
[Site "?"]
[Date "2015.04.19"]
[Round "9"]
[White "Breuer, Harald"]
[Black "Hilbig, Dieter"]
[Result "0-1"]
[WhiteElo "1850"]
[BlackElo "1936"]
[PlyCount "38"]
[EventDate "2015.??.??"]
[WhiteTeam "SV Ammern"]
[BlackTeam "ESV Gera"]

1. e4 c5 2. c3 Nf6 3. e5 Nd5 4. d4 cxd4 5. Nf3 Nc6 6. cxd4 d6 7. exd6 Qxd6 8.
Be2 g6 9. O-O Bg7 10. Nc3 O-O 11. Be3 Bf5 12. Qb3 Nb6 13. Rfd1 Qb4 14. Qxb4
Nxb4 15. Rac1 Rac8 16. h3 Rfd8 17. b3 Nc2 18. Nb1 Nxe3 19. fxe3 Bh6 0-1

[Event "Thüringenliga 2014/2015"]
[Site "?"]
[Date "2015.04.19"]
[Round "9"]
[White "Senf, Paul"]
[Black "Kurze, Christoph"]
[Result "0-1"]
[WhiteElo "1673"]
[BlackElo "1801"]
[PlyCount "60"]
[EventDate "2015.??.??"]
[WhiteTeam "ESV Gera"]
[BlackTeam "SV Ammern"]

1. e4 e6 2. d4 d5 3. Nc3 Bb4 4. e5 c5 5. a3 Bxc3+ 6. bxc3 Qc7 7. Bd2 Nc6 8. Nf3
Bd7 9. Bd3 c4 10. Be2 f6 11. exf6 gxf6 12. O-O Nge7 13. Re1 Ng6 14. Bf1 O-O-O
15. g3 h5 16. Bg2 h4 17. Qb1 Rdg8 18. Qb2 hxg3 19. hxg3 e5 20. dxe5 fxe5 21.
Nh2 Nf4 22. Bxf4 exf4 23. Nf1 fxg3 24. Nxg3 Rxg3 25. fxg3 Qxg3 26. Re2 Bh3 27.
Rf1 Bg4 28. Rd2 Qh2+ 29. Kf2 Rf8+ 30. Ke1 Qe5+ 0-1

[Event "Thüringenliga 2014/2015"]
[Site "?"]
[Date "2015.04.19"]
[Round "9"]
[White "Hentrich, Jörg"]
[Black "Steinmüller, Johannes"]
[Result "1-0"]
[WhiteElo "1755"]
[BlackElo "1715"]
[PlyCount "21"]
[EventDate "2015.??.??"]
[WhiteTeam "SV Ammern"]
[BlackTeam "ESV Gera"]

1. e4 c5 2. d4 cxd4 3. c3 d3 4. Bxd3 d6 5. Nf3 g6 6. O-O Bg7 7. Bc4 Nf6 8. e5
Ng4 9. e6 f6 10. Qa4+ Nc6 11. Bd5 1-0

[Event "Thüringenliga 2014/2015"]
[Site "?"]
[Date "2015.04.19"]
[Round "9"]
[White "Kupper, Matthias"]
[Black "Thon, Philipp"]
[Result "0-1"]
[WhiteElo "1738"]
[BlackElo "1757"]
[PlyCount "60"]
[EventDate "2015.??.??"]
[WhiteTeam "ESV Gera"]
[BlackTeam "SV Ammern"]

1. e4 e5 2. Nf3 Nc6 3. Bc4 Bc5 4. O-O Nf6 5. d3 O-O 6. h3 h6 7. c3 d6 8. a4 a5
9. Be3 Ba7 10. Qb3 Ne7 11. Bxa7 Rxa7 12. Nbd2 Ng6 13. d4 Qe7 14. dxe5 dxe5 15.
Rfe1 Nd7 16. Rad1 Nb6 17. Bb5 Be6 18. Qc2 Qf6 19. Bf1 Raa8 20. b3 Rfd8 21. Nb1
Bxh3 22. Nxe5 Nxe5 23. gxh3 Nf3+ 24. Kg2 Nxe1+ 25. Rxe1 Rd6 26. Bc4 Qg5+ 27.
Kf1 Nxc4 28. bxc4 Rad8 29. Re3 Rd1+ 30. Ke2 Qh5+ 0-1

[Event "Thüringenliga 2014/2015"]
[Site "?"]
[Date "2015.04.19"]
[Round "9"]
[White "Hermannsdörfer, Frank"]
[Black "Krüger, Rainer"]
[Result "1/2-1/2"]
[WhiteElo "2100"]
[BlackElo "2071"]
[PlyCount "22"]
[EventDate "2015.??.??"]
[WhiteTeam "SV 1861 Liebschwitz"]
[BlackTeam "ESV Lok Sömmerda"]

1. b3 d5 2. Bb2 Nf6 3. e3 g6 4. c4 Bg7 5. cxd5 Qxd5 6. Nf3 O-O 7. Nc3 Qa5 8.
Be2 c6 9. O-O Bg4 10. h3 Bxf3 11. Bxf3 Nbd7 1/2-1/2

[Event "Thüringenliga 2014/2015"]
[Site "?"]
[Date "2015.04.19"]
[Round "9"]
[White "Kalisch, Michael"]
[Black "Zeidler, Andreas"]
[Result "1-0"]
[WhiteElo "1969"]
[BlackElo "2163"]
[PlyCount "83"]
[EventDate "2015.??.??"]
[WhiteTeam "ESV Lok Sömmerda"]
[BlackTeam "SV 1861 Liebschwitz"]

1. e4 d6 2. d4 Nf6 3. Nc3 g6 4. Nge2 Bg7 5. g3 O-O 6. Bg2 Nbd7 7. O-O c5 8. h3
Rb8 9. Be3 b5 10. dxc5 dxc5 11. Qc1 Qc7 12. f4 b4 13. Nd1 Ba6 14. Re1 e5 15. f5
Nh5 16. c4 Nb6 17. g4 Nf4 18. Nxf4 exf4 19. Bxf4 Be5 20. Bxe5 Qxe5 21. Ne3 Rbd8
22. b3 Rd3 23. Nd5 Qd4+ 24. Kh1 Nd7 25. Qh6 Qe5 26. g5 Qg7 27. Qxg7+ Kxg7 28.
f6+ Kh8 29. e5 Bc8 30. Ne7 Rg3 31. Rad1 Nb6 32. Nxc8 Rxc8 33. h4 h6 34. Kh2 Rc3
35. Rd2 Re8 36. Bh3 hxg5 37. hxg5 Kg8 38. e6 fxe6 39. Bxe6+ Kf8 40. Rde2 a5 41.
Kg2 a4 42. Rh1 1-0

[Event "Thüringenliga 2014/2015"]
[Site "?"]
[Date "2015.04.19"]
[Round "9"]
[White "Gerhardt, Frank"]
[Black "Kühn, Martin"]
[Result "0-1"]
[WhiteElo "2022"]
[BlackElo "1912"]
[PlyCount "78"]
[EventDate "2015.??.??"]
[WhiteTeam "SV 1861 Liebschwitz"]
[BlackTeam "ESV Lok Sömmerda"]

1. e4 e6 2. d4 d5 3. Nd2 Nf6 4. e5 Nfd7 5. c3 c5 6. Bd3 Nc6 7. Ne2 cxd4 8. cxd4
f6 9. exf6 Nxf6 10. O-O Bd6 11. Nf3 Qc7 12. h3 O-O 13. Nc3 a6 14. Be3 b5 15.
Rc1 Bb7 16. a3 Qd7 17. Bb1 e5 18. Ba2 Nxd4 19. Nxd4 exd4 20. Qxd4 Kh8 21. Rcd1
Rad8 22. Rd3 Bc7 23. Rfd1 Qd6 24. g3 Qe6 25. Qh4 Rd7 26. Bd4 Rdf7 27. Re3 Qf5
28. Bb1 Ne4 29. Nxe4 dxe4 30. f3 Bd8 31. Qg4 Qxg4 32. fxg4 Bg5 33. Rc3 Rd7 34.
Bc2 Rfd8 35. h4 Bf6 36. Bxf6 Rxd1+ 37. Bxd1 Rxd1+ 38. Kf2 gxf6 39. Rc7 Bd5 0-1

[Event "Thüringenliga 2014/2015"]
[Site "?"]
[Date "2015.04.19"]
[Round "9"]
[White "Siegemund, Joachim"]
[Black "Kastner, Peter"]
[Result "1-0"]
[WhiteElo "1993"]
[BlackElo "1974"]
[PlyCount "79"]
[EventDate "2015.??.??"]
[WhiteTeam "ESV Lok Sömmerda"]
[BlackTeam "SV 1861 Liebschwitz"]

1. Nf3 c5 2. c4 Nc6 3. Nc3 g6 4. g3 Bg7 5. Bg2 Nf6 6. d4 cxd4 7. Nxd4 O-O 8.
O-O Nxd4 9. Qxd4 d6 10. Qd3 a6 11. Be3 Qc7 12. Rac1 Bf5 13. Qd2 Rab8 14. b3 Qd7
15. Ba7 Ra8 16. Bb6 Bh3 17. Bxh3 Qxh3 18. f3 h5 19. e4 Kh7 20. Rc2 Bh6 21. Be3
Bxe3+ 22. Qxe3 h4 23. Rg2 hxg3 24. hxg3 Kg7 25. Nd5 Nxd5 26. exd5 Rae8 27. Qd4+
f6 28. Qb6 Qc8 29. Re1 Kf7 30. Re6 Rh8 31. Rge2 g5 32. Qe3 Qd7 33. Qe4 Qc7 34.
Kg2 b6 35. Qf5 Qc8 36. R2e4 b5 37. f4 gxf4 38. Rxf4 Rh6 39. Rfe4 Qd7 40. Rxf6+
1-0

[Event "Thüringenliga 2014/2015"]
[Site "?"]
[Date "2015.04.19"]
[Round "9"]
[White "Biel, Maik"]
[Black "Koksch, Robert"]
[Result "1/2-1/2"]
[WhiteElo "1939"]
[BlackElo "1913"]
[PlyCount "37"]
[EventDate "2015.??.??"]
[WhiteTeam "SV 1861 Liebschwitz"]
[BlackTeam "ESV Lok Sömmerda"]

1. d4 d5 2. Nf3 Nf6 3. c4 c6 4. Nc3 dxc4 5. a4 Bf5 6. Ne5 e6 7. Nxc4 Bb4 8. Bg5
Nbd7 9. Qb3 a5 10. e3 O-O 11. Rd1 Qb8 12. Bf4 Qa7 13. Bd6 Bxd6 14. Nxd6 b6 15.
Nxf5 exf5 16. Be2 Rad8 17. O-O Rfe8 18. Bf3 Ne4 19. d5 1/2-1/2

[Event "Thüringenliga 2014/2015"]
[Site "?"]
[Date "2015.04.19"]
[Round "9"]
[White "Kirste, Olaf"]
[Black "Meissner, Steffen"]
[Result "1/2-1/2"]
[WhiteElo "1889"]
[BlackElo "1755"]
[PlyCount "61"]
[EventDate "2015.??.??"]
[WhiteTeam "ESV Lok Sömmerda"]
[BlackTeam "SV 1861 Liebschwitz"]

1. c4 Nf6 2. Nc3 g6 3. e4 d6 4. d4 Bg7 5. f3 O-O 6. Be3 Nc6 7. Qd2 e5 8. Nge2
exd4 9. Nxd4 Bd7 10. Be2 Re8 11. O-O-O Nxd4 12. Bxd4 Bc6 13. Kb1 Qe7 14. Bd3 a6
15. Bf2 Reb8 16. Rc1 b5 17. Nd5 Nxd5 18. cxd5 Be8 19. Rhd1 Rc8 20. g4 c5 21.
dxc6 Bxc6 22. Be2 d5 23. Bc5 Qe6 24. exd5 Bxd5 25. Qxd5 Qxe2 26. Rc2 Qe5 27.
Qxe5 Bxe5 28. Rd5 Bf4 29. Re2 Re8 30. Rxe8+ Rxe8 31. h4 1/2-1/2

[Event "Thüringenliga 2014/2015"]
[Site "?"]
[Date "2015.04.19"]
[Round "9"]
[White "Watzlawek, Mario"]
[Black "Severino, Leonardo"]
[Result "1/2-1/2"]
[WhiteElo "1608"]
[BlackElo "1687"]
[PlyCount "20"]
[EventDate "2015.??.??"]
[WhiteTeam "SV 1861 Liebschwitz"]
[BlackTeam "ESV Lok Sömmerda"]

1. e4 e6 2. d4 d5 3. Nd2 Nf6 4. e5 Nfd7 5. Bd3 c5 6. c3 Nc6 7. Ndf3 Be7 8. Be3
cxd4 9. cxd4 f6 10. a3 O-O 1/2-1/2

[Event "Thüringenliga 2014/2015"]
[Site "?"]
[Date "2015.04.19"]
[Round "9"]
[White "Berlt, Norbert"]
[Black "Hartmann, Lutz"]
[Result "1/2-1/2"]
[WhiteElo "1646"]
[BlackElo "1427"]
[PlyCount "41"]
[EventDate "2015.??.??"]
[WhiteTeam "ESV Lok Sömmerda"]
[BlackTeam "SV 1861 Liebschwitz"]

1. d4 d5 2. c4 c6 3. Nc3 Nf6 4. Nf3 e6 5. Bg5 Be7 6. e3 Nbd7 7. Bd3 dxc4 8.
Bxc4 Nd5 9. Bxe7 Qxe7 10. O-O Nxc3 11. bxc3 O-O 12. Bd3 e5 13. Qc2 h6 14. e4
Re8 15. Rfe1 Qf6 16. Rad1 b6 17. Re3 a5 18. Nd2 Ba6 19. Rf3 Bxd3 20. Qxd3 Qe7
21. Qc4 1/2-1/2

[Event "Thüringenliga 2014/2015"]
[Site "?"]
[Date "2015.04.19"]
[Round "9"]
[White "Darr, Sascha"]
[Black "Steinacker, Alex"]
[Result "1/2-1/2"]
[WhiteElo "2105"]
[BlackElo "2145"]
[PlyCount "55"]
[EventDate "2015.??.??"]
[WhiteTeam "SV Jenapharm Jena"]
[BlackTeam "Erfurter Schachklub"]

1. d4 c5 2. d5 Nf6 3. Nc3 d6 4. e4 g6 5. Nf3 Bg7 6. Be2 O-O 7. O-O Na6 8. Nd2
Nc7 9. a4 Rb8 10. f4 b6 11. Nc4 Ba6 12. Ne3 Bxe2 13. Qxe2 e6 14. Qf3 Re8 15.
Bd2 a6 16. f5 exf5 17. exf5 b5 18. axb5 axb5 19. Ra7 b4 20. fxg6 hxg6 21. Ng4
bxc3 22. Bxc3 Ncxd5 23. Bxf6 Nxf6 24. Nxf6+ Qxf6 25. Qxf6 Bxf6 26. Rxf6 Rxb2
27. Rfxf7 Rxc2 28. Rg7+ 1/2-1/2

[Event "Thüringenliga 2014/2015"]
[Site "?"]
[Date "2015.04.19"]
[Round "9"]
[White "Troyke, Christian"]
[Black "Wicklein, Stefan"]
[Result "1-0"]
[WhiteElo "2319"]
[BlackElo "1972"]
[PlyCount "65"]
[EventDate "2015.??.??"]
[WhiteTeam "Erfurter Schachklub"]
[BlackTeam "SV Jenapharm Jena"]

1. g3 d5 2. Nf3 Nf6 3. Bg2 c6 4. c4 Bf5 5. cxd5 Bxb1 6. Rxb1 cxd5 7. O-O Nc6 8.
b4 b5 9. a4 a6 10. axb5 axb5 11. Qc2 Qb6 12. d3 e6 13. Bd2 Bd6 14. Rfc1 Kd7 15.
Be3 Qb7 16. Bc5 Rhc8 17. Qd2 h6 18. e4 Bxc5 19. Rxc5 Ke8 20. Ne1 dxe4 21. dxe4
Rd8 22. Qb2 Ra4 23. e5 Nd5 24. Bxd5 Rxd5 25. Rxd5 Rxb4 26. Qxb4 Nxb4 27. Rc5
Qe4 28. Rbc1 Nd5 29. Rxb5 Qxe5 30. Nf3 Qd6 31. Rb7 Nb6 32. Rcc7 e5 33. Rb8+ 1-0

[Event "Thüringenliga 2014/2015"]
[Site "?"]
[Date "2015.04.19"]
[Round "9"]
[White "August, Daniel"]
[Black "Brüggemann, Joachim"]
[Result "0-1"]
[WhiteElo "2011"]
[BlackElo "2198"]
[PlyCount "118"]
[EventDate "2015.??.??"]
[WhiteTeam "SV Jenapharm Jena"]
[BlackTeam "Erfurter Schachklub"]

1. c4 c5 2. g3 Nc6 3. Bg2 g6 4. Nc3 Bg7 5. a3 d6 6. Rb1 a5 7. d3 e5 8. Nf3 Nge7
9. O-O O-O 10. Be3 h6 11. Ne1 Rb8 12. Nc2 Be6 13. b4 b6 14. Nd5 axb4 15. axb4
Nd4 16. Nxe7+ Qxe7 17. Qd2 Kh7 18. Rb2 f5 19. bxc5 bxc5 20. Rfb1 Rxb2 21. Rxb2
f4 22. Bxd4 exd4 23. Rb7 Qg5 24. Qe1 h5 25. Na3 h4 26. gxh4 Qxh4 27. Nb5 Kh8
28. Kh1 Be5 29. Bf3 g5 30. Qg1 g4 31. Be4 Bg8 32. Qg2 f3 33. exf3 gxf3 34. Qg1
Qh3 35. Nxd6 Qg2+ 36. Qxg2 fxg2+ 37. Kxg2 Bxd6 38. Rd7 Rf6 39. f3 Rh6 40. h3
Bf8 41. f4 Be6 42. Rb7 Bxh3+ 43. Kf3 Be6 44. f5 Bg8 45. Kf4 Ra6 46. Rd7 Bd6+
47. Kg5 Be5 48. Kh5 Ra1 49. Bd5 Rg1 50. Rd8 Kh7 51. Rd7+ Rg7 52. Rxg7+ Kxg7 53.
Bxg8 Kxg8 54. Kg6 Kf8 55. f6 Bd6 56. Kg5 Kf7 57. Kf5 Bc7 58. Ke4 Ke6 59. f7 Bd6
0-1